Completely positive hypergroup actions
Salvato in:
| Autore principale: | |
|---|---|
| Natura: | Libro |
| Lingua: | inglese |
| Pubblicazione: |
Providence
American Mathematical Society
1996
|
| Serie: | Memoirs of the American Mathematical Society, 593
|
| Soggetti: | |
| Tags: |
Aggiungi Tag
Nessun Tag, puoi essere il primo ad aggiungerne!!
|
MARC
| LEADER | 00000nam a2200000 a 4500 | ||
|---|---|---|---|
| 001 | UCM7011 | ||
| 003 | CL-VaPUC | ||
| 008 | 021129e19960000US |||||||||||||||||eng|d | ||
| 082 | 0 | 4 | |a 512.2 |b SIN |2 21 |
| 100 | 0 | |a Singh, Ajit Iqbal |e author |9 472731 | |
| 245 | 1 | 0 | |a Completely positive hypergroup actions |
| 300 | |a 68 p | ||
| 942 | |c BK | ||
| 945 | |d 20021129 00:00:00 |a vberengu | ||
| 260 | |a Providence |b American Mathematical Society |c 1996 | ||
| 650 | 0 | |a Representaciones de grupos |9 417402 | |
| 650 | 7 | |a GRUPOS |2 CL-VaPUC |9 336429 | |
| 583 | |a last modification |c 20130422 12:35:00 |k Rodrigo Vera | ||
| 490 | 0 | |a Memoirs of the American Mathematical Society, 593 | |
| 999 | |c 302046 |d 302044 | ||
| 952 | |0 0 |1 0 |4 0 |6 512_200000000000000_SIN_1996 |7 0 |8 A |9 362037 |a BIBMAT |b BIBMAT |d 2019-11-21 |i 3866734 |o 512.2 SIN 1996 |p 3866734 |r 2025-01-07 |w 2019-11-21 |y BK |k MAT | ||